00896nas a2200229Ia 4500001001100000003000900011008004100020040001300061040001300074041001300087100004300100210004100143222004100184245009800225250001100323260002800334501008600362300000900448362002800457500012500485650005600610R232/45490IT-RoPAU151124c99999999xx |||||||||||| ||und|| aIT-RoPAU cIT-RoPAU aITALIANO aGerosa GuidogCodice Aut. SPICS: 6158 aDIAFRAMMA (IL) - FOTOGRAFIA ITALIANA aDiaframma (Il) - Fotografia Italiana aDIAFRAMMA (IL)-FOTOGRAFIA ITALIANA, N.249 (APRILE/MAG.1980)bUna Fotografia Intrisa di Poesia a1a ed. aMILANObEDITPHOTOc1980 bPaulus - SPICS - Società San Paolo EM (non-commercial uses only)cCopyright2015 a6 p. aN.249 (APRILE/MAG.1980) aRiflessioni Sulle Fotografie di Clotilde Pisano: Invito al Viaggio Là Dove la Realtà Fotografata Diventa Perfezione. aCOMUNICAZIONE - FOTOGRAFIAvPUBBLICAZIONE PERIODICA